000 00330nam a2200133Ia 4500
008 151001s9999||||xx |||||||||||||| ||und||
100 _aललित सुरजन
245 _aसमय कि साखी
250 _a1
260 _bसदानीरा
260 _c2004
300 _a168
365 _b21
999 _c990556
_d990553